[Event "WYCC Girls U18"]
[Site "Porto Carras"]
[Date "2015.10.26"]
[Round "2.8"]
[White "Wozniak, Mariola"]
[Black "Mahalakshmi, M"]
[Result "0-1"]
[BlackElo "2019"]
[WhiteElo "2211"]
[LiveChessVersion "1.4.6"]

1. e4 {[%clk 1:30:59]} e6 {[%clk 1:30:57]} 2. d4 {[%clk 1:31:24]} d5
{[%clk 1:31:19]} 3. Nc3 {[%clk 1:31:49]} Nf6 {[%clk 1:31:44]} 4. e5
{[%clk 1:32:15]} Nfd7 {[%clk 1:32:06]} 5. f4 {[%clk 1:32:39]} c5 {[%clk 1:32:32]}
6. Nf3 {[%clk 1:33:05]} Nc6 {[%clk 1:32:59]} 7. Be3 {[%clk 1:33:26]} cxd4
{[%clk 1:33:15]} 8. Nxd4 {[%clk 1:33:50]} Bc5 {[%clk 1:33:42]} 9. Qd2
{[%clk 1:33:53]} O-O {[%clk 1:33:51]} 10. O-O-O {[%clk 1:34:17]} a6
{[%clk 1:34:18]} 11. Kb1 {[%clk 1:34:23]} Nxd4 {[%clk 1:34:34]} 12. Bxd4
{[%clk 1:34:48]} b5 {[%clk 1:34:57]} 13. Qe3 {[%clk 1:31:46]} Qc7
{[%clk 1:31:35]} 14. Bd3 {[%clk 1:29:10]} b4 {[%clk 1:24:15]} 15. Ne2
{[%clk 1:24:08]} a5 {[%clk 1:23:38]} 16. h4 {[%clk 1:20:30]} a4 {[%clk 1:11:29]}
17. Rc1 {[%clk 1:16:27]} Ba6 18. Rh3 {[%clk 1:11:40]} Rfc8 {[%clk 0:57:41]} 19.
Rg3 {[%clk 1:08:06]} Bxd4 {[%clk 0:54:51]} 20. Nxd4 {[%clk 1:06:14]} a3
{[%clk 0:51:15]} 21. f5 {[%clk 0:45:52]} axb2 {[%clk 0:43:28]} 22. Re1
{[%clk 0:34:53]} Bxd3 {[%clk 0:40:20]} 23. Qxd3 {[%clk 0:32:34]} Qa7 0-1

[Event "WYCC Girls U18"]
[Site "Porto Carras"]
[Date "2015.10.26"]
[Round "2.9"]
[White "Virkud, Apurva"]
[Black "Amrayeva, Aytan"]
[Result "0-1"]
[BlackElo "2193"]
[WhiteElo "2027"]
[LiveChessVersion "1.4.6"]

1. d4 {[%clk 1:30:58]} Nf6 {[%clk 1:30:51]} 2. c4 {[%clk 1:31:22]} e6
{[%clk 1:31:19]} 3. Nc3 {[%clk 1:31:43]} Bb4 {[%clk 1:31:45]} 4. Qc2
{[%clk 1:32:04]} b6 {[%clk 1:32:11]} 5. e4 {[%clk 1:31:26]} Bb7 {[%clk 1:31:45]}
6. Bd3 {[%clk 1:31:14]} Bxc3+ {[%clk 1:26:22]} 7. bxc3 {[%clk 1:31:31]} d6
{[%clk 1:26:47]} 8. Ne2 {[%clk 1:29:02]} Nbd7 {[%clk 1:26:03]} 9. O-O
{[%clk 1:28:19]} Qe7 {[%clk 1:26:07]} 10. f4 {[%clk 1:22:11]} O-O-O
{[%clk 1:24:17]} 11. a4 {[%clk 1:18:30]} a5 {[%clk 1:24:20]} 12. Ng3
{[%clk 1:02:56]} g6 {[%clk 1:22:01]} 13. Rf3 {[%clk 0:58:43]} h5 {[%clk 1:17:07]}
14. Nf1 {[%clk 0:56:09]} h4 {[%clk 1:16:46]} 15. Ba3 {[%clk 0:51:04]} Nh5
{[%clk 1:15:52]} 16. Ne3 {[%clk 0:43:16]} g5 {[%clk 1:13:15]} 17. f5
{[%clk 0:40:23]} Nf4 {[%clk 1:10:41]} 18. Re1 {[%clk 0:36:13]} h3
{[%clk 1:05:05]} 19. g3 {[%clk 0:34:22]} Nxd3 {[%clk 1:05:22]} 20. Qxd3
{[%clk 0:34:17]} Nf6 {[%clk 1:04:59]} 21. Nf1 {[%clk 0:28:43]} Ng4
{[%clk 0:57:49]} 22. Re2 {[%clk 0:21:42]} Qd7 {[%clk 0:56:32]} 23. Bc1
{[%clk 0:16:56]} Qxa4 {[%clk 0:55:37]} 24. Bxg5 {[%clk 0:15:27]} Rdg8
{[%clk 0:50:25]} 25. Be3 {[%clk 0:11:08]} Ba6 {[%clk 0:47:52]} 26. Qd2
{[%clk 0:10:27]} Qxc4 {[%clk 0:46:11]} 27. Re1 {[%clk 0:10:18]} Bb7
{[%clk 0:44:20]} 28. Bf2 {[%clk 0:09:39]} Nf6 {[%clk 0:43:28]} 29. fxe6
{[%clk 0:07:27]} Nxe4 {[%clk 0:43:07]} 30. Qd3 {[%clk 0:04:56]} Ng5
{[%clk 0:38:59]} 31. Nd2 {[%clk 0:04:50]} Nxf3+ {[%clk 0:38:26]} 32. Qxf3
{[%clk 0:05:16]} Bxf3 {[%clk 0:38:40]} 33. Nxc4 {[%clk 0:05:39]} fxe6
{[%clk 0:39:05]} 34. Nd2 {[%clk 0:05:42]} Bc6 {[%clk 0:39:12]} 35. c4
{[%clk 0:04:58]} Rg6 {[%clk 0:39:19]} 36. Ra1 {[%clk 0:04:51]} Rf8
{[%clk 0:39:25]} 37. c5 {[%clk 0:03:55]} Rgf6 {[%clk 0:39:50]} 38. Be3
{[%clk 0:04:19]} Bg2 {[%clk 0:40:00]} 39. cxd6 {[%clk 0:04:23]} cxd6
{[%clk 0:40:21]} 40. d5 {[%clk 0:34:38]} exd5 {[%clk 1:10:21]} 41. Bxb6
{[%clk 0:33:51]} a4 {[%clk 1:08:10]} 42. Bd4 {[%clk 0:33:54]} R6f7
{[%clk 1:08:26]} 43. Rc1+ {[%clk 0:34:08]} Kd7 {[%clk 1:08:48]} 0-1

[Event "WYCC Girls U18"]
[Site "Porto Carras"]
[Date "2015.10.26"]
[Round "2.10"]
[White "Assaubayeva, Bibisara"]
[Black "Assaubayeva, Diana"]
[Result "1-0"]
[BlackElo "1998"]
[WhiteElo "2183"]
[LiveChessVersion "1.4.6"]

1. e4 {[%clk 1:30:55]} e6 {[%clk 1:30:44]} 2. d4 {[%clk 1:31:16]} d5
{[%clk 1:31:10]} 3. Nc3 {[%clk 1:31:37]} Nf6 {[%clk 1:30:00]} 4. e5
{[%clk 1:31:59]} Nfd7 {[%clk 1:30:24]} 5. f4 {[%clk 1:32:27]} c5 {[%clk 1:30:48]}
6. Nf3 {[%clk 1:32:52]} Nc6 {[%clk 1:31:13]} 7. Be3 {[%clk 1:32:55]} a6
{[%clk 1:28:36]} 8. Qd2 {[%clk 1:32:34]} b5 {[%clk 1:28:14]} 9. a3
{[%clk 1:32:43]} Qb6 {[%clk 1:25:16]} 10. Ne2 {[%clk 1:32:48]} b4
{[%clk 1:08:12]} 11. axb4 {[%clk 1:31:30]} Qxb4 {[%clk 1:03:33]} 12. c3
{[%clk 1:31:40]} Qb6 {[%clk 1:03:41]} 13. dxc5 {[%clk 1:31:01]} Bxc5
{[%clk 1:03:58]} 14. Ned4 {[%clk 1:30:14]} Nxd4 {[%clk 1:01:02]} 15. Nxd4
{[%clk 1:30:18]} Bxd4 {[%clk 0:58:06]} 16. Bxd4 {[%clk 1:30:35]} Qc6
{[%clk 0:55:50]} 17. Bd3 {[%clk 1:29:32]} Rb8 {[%clk 0:49:38]} 18. b4
{[%clk 1:24:43]} g6 {[%clk 0:28:08]} 19. O-O Bb7 {[%clk 0:27:40]} 20. Qe2
{[%clk 1:21:05]} Ra8 21. Ra3 {[%clk 1:17:01]} O-O {[%clk 0:25:47]} 22. Rfa1
{[%clk 1:16:58]} Nb8 {[%clk 0:24:32]} 23. b5 {[%clk 1:15:26]} Qc7
{[%clk 0:22:32]} 24. bxa6 {[%clk 1:14:49]} Bc6 {[%clk 0:22:54]} 25. a7
{[%clk 1:10:50]} Nd7 {[%clk 0:23:17]} 26. Rb1 {[%clk 1:10:33]} Kg7
{[%clk 0:21:30]} 27. Qe3 {[%clk 1:08:03]} Rae8 {[%clk 0:18:07]} 28. Ra6
{[%clk 1:01:43]} Ba8 {[%clk 0:17:51]} 1-0

[Event "WYCC Girls U18"]
[Site "Porto Carras"]
[Date "2015.10.26"]
[Round "2.11"]
[White "Barchuk, Irina"]
[Black "Hernandez, Lara"]
[Result "1-0"]
[BlackElo "1995"]
[WhiteElo "2180"]
[LiveChessVersion "1.4.6"]

1. e4 {[%clk 1:30:56]} e6 {[%clk 1:30:50]} 2. d4 {[%clk 1:31:17]} d5
{[%clk 1:31:15]} 3. Nc3 {[%clk 1:31:40]} Nf6 {[%clk 1:31:39]} 4. e5
{[%clk 1:32:04]} Nfd7 {[%clk 1:32:05]} 5. f4 {[%clk 1:32:15]} c5 {[%clk 1:32:11]}
6. Nf3 {[%clk 1:32:37]} Nc6 {[%clk 1:32:33]} 7. Be3 {[%clk 1:32:36]} cxd4
{[%clk 1:32:41]} 8. Nxd4 {[%clk 1:32:50]} Qb6 {[%clk 1:32:44]} 9. a3
{[%clk 1:29:43]} Bc5 {[%clk 1:31:11]} 10. Na4 {[%clk 1:22:58]} Qa5+
{[%clk 1:30:42]} 11. c3 {[%clk 1:08:09]} Bxd4 {[%clk 1:30:19]} 12. Bxd4
{[%clk 1:08:30]} Nxd4 {[%clk 1:30:25]} 13. Qxd4 {[%clk 1:07:32]} b6
{[%clk 1:28:26]} 14. Qb4 {[%clk 0:53:43]} Qxb4 {[%clk 1:24:10]} 15. axb4
{[%clk 0:53:10]} O-O {[%clk 1:15:02]} 16. Bb5 {[%clk 0:51:47]} f6
{[%clk 1:12:08]} 17. exf6 {[%clk 0:48:51]} gxf6 {[%clk 1:07:45]} 18. f5
{[%clk 0:45:58]} exf5 {[%clk 0:55:34]} 19. Bc6 {[%clk 0:45:36]} Re8+
{[%clk 0:52:38]} 20. Kd2 {[%clk 0:39:54]} Rb8 {[%clk 0:52:43]} 21. Rhe1
{[%clk 0:35:32]} Re5 {[%clk 0:50:44]} 22. Rxe5 {[%clk 0:33:13]} fxe5 23. Bxd5+
{[%clk 0:33:38]} Kg7 {[%clk 0:48:26]} 24. c4 {[%clk 0:29:10]} Nf6
{[%clk 0:38:56]} 25. Nc3 {[%clk 0:29:28]} a6 {[%clk 0:33:59]} 26. Bc6
{[%clk 0:27:11]} Be6 {[%clk 0:30:56]} 27. b3 {[%clk 0:25:07]} Bc8
{[%clk 0:24:38]} 28. Re1 {[%clk 0:19:20]} e4 {[%clk 0:24:11]} 29. Nd5
{[%clk 0:19:39]} Bd7 {[%clk 0:18:06]} 30. Bxd7 {[%clk 0:18:38]} Nxd7
{[%clk 0:18:30]} 31. Ra1 {[%clk 0:17:50]} a5 {[%clk 0:15:44]} 32. bxa5
{[%clk 0:16:25]} Nc5 {[%clk 0:15:22]} 33. Kc3 {[%clk 0:11:34]} bxa5
{[%clk 0:15:36]} 34. Rxa5 {[%clk 0:11:29]} Nxb3 {[%clk 0:14:40]} 35. Rb5
{[%clk 0:11:03]} Rxb5 {[%clk 0:13:58]} 36. cxb5 {[%clk 0:11:28]} Na5
{[%clk 0:12:28]} 37. Kd4 {[%clk 0:11:23]} Kg6 {[%clk 0:10:39]} 38. Ke5
{[%clk 0:09:30]} Kg5 {[%clk 0:10:32]} 39. Ne3 {[%clk 0:06:17]} f4
{[%clk 0:10:16]} 40. h4+ {[%clk 0:34:59]} Kxh4 {[%clk 0:39:12]} 41. Kxf4
{[%clk 0:35:23]} Nb7 {[%clk 0:38:37]} 42. Nf5+ {[%clk 0:34:52]} Kh5
{[%clk 0:36:46]} 43. Ng3+ {[%clk 0:35:09]} Kg6 {[%clk 0:34:21]} 44. Nxe4
{[%clk 0:35:35]} h6 {[%clk 0:33:11]} 45. b6 {[%clk 0:34:41]} h5 {[%clk 0:31:35]}
46. g3 {[%clk 0:34:39]} Kh6 {[%clk 0:31:44]} 47. Kf5 {[%clk 0:19:54]} h4
{[%clk 0:23:42]} 48. g4 {[%clk 0:16:45]} h3 {[%clk 0:20:03]} 49. Kf4
{[%clk 0:15:52]} Nc5 {[%clk 0:17:39]} 50. Nf2 {[%clk 0:15:03]} 1-0

[Event "WYCC Girls U18"]
[Site "Porto Carras"]
[Date "2015.10.26"]
[Round "2.12"]
[White "Salahidou, Reveka"]
[Black "Bellaiche, Elise"]
[Result "0-1"]
[BlackElo "2154"]
[WhiteElo "2003"]
[LiveChessVersion "1.4.6"]

1. c4 {[%clk 1:30:57]} e5 {[%clk 1:30:08]} 2. g3 {[%clk 1:31:20]} Nf6
{[%clk 1:29:04]} 3. Bg2 {[%clk 1:31:44]} c6 {[%clk 1:25:43]} 4. Nf3
{[%clk 1:32:07]} e4 {[%clk 1:23:08]} 5. Nd4 {[%clk 1:32:31]} d5 {[%clk 1:21:05]}
6. cxd5 {[%clk 1:32:54]} cxd5 {[%clk 1:21:25]} 7. O-O {[%clk 1:31:26]} Nc6
{[%clk 1:16:20]} 8. Nb3 {[%clk 1:29:49]} Bf5 {[%clk 1:10:14]} 9. f3
{[%clk 1:18:37]} Qb6+ {[%clk 1:06:39]} 10. Kh1 {[%clk 1:15:02]} Be7
{[%clk 0:59:30]} 11. Nc3 {[%clk 1:05:55]} exf3 {[%clk 0:47:07]} 12. Bxf3
{[%clk 1:05:32]} Bh3 {[%clk 0:45:22]} 13. Rg1 {[%clk 1:03:37]} Rd8
{[%clk 0:39:51]} 14. d4 {[%clk 0:59:28]} Ng4 {[%clk 0:30:53]} 15. Bxg4
{[%clk 0:50:18]} Bxg4 {[%clk 0:31:15]} 16. Rf1 {[%clk 0:49:40]} O-O
{[%clk 0:25:51]} 17. Bf4 {[%clk 0:47:54]} Bf6 {[%clk 0:22:35]} 18. Be3
{[%clk 0:41:37]} Ne7 {[%clk 0:19:49]} 19. Qd3 {[%clk 0:38:41]} Bh5
{[%clk 0:16:29]} 20. Qd2 {[%clk 0:24:56]} Bg6 {[%clk 0:15:22]} 21. Nc5
{[%clk 0:24:41]} Nf5 {[%clk 0:13:42]} 22. Bf2 {[%clk 0:21:08]} Nd6
{[%clk 0:11:51]} 23. Rac1 {[%clk 0:14:20]} Nc4 {[%clk 0:11:19]} 24. Qf4
{[%clk 0:12:48]} Qxb2 {[%clk 0:09:11]} 25. Nb3 {[%clk 0:04:18]} Qa3
{[%clk 0:07:13]} 26. Nc5 {[%clk 0:03:50]} b6 27. Nb3 {[%clk 0:02:18]} Qe7
{[%clk 0:05:47]} 28. Qf3 {[%clk 0:02:01]} Bg5 {[%clk 0:03:23]} 29. Ra1
{[%clk 0:01:29]} Bd2 {[%clk 0:03:07]} 30. Kg1 {[%clk 0:00:57]} Bxc3
{[%clk 0:01:43]} 31. Qxc3 {[%clk 0:01:21]} Qxe2 {[%clk 0:01:30]} 32. a4
{[%clk 0:00:53]} Qc2 {[%clk 0:01:11]} 33. Qb4 {[%clk 0:00:47]} a5
{[%clk 0:01:16]} 34. Qb5 {[%clk 0:01:04]} Be4 {[%clk 0:00:47]} 35. h4
{[%clk 0:00:36]} Qe2 {[%clk 0:00:52]} 36. Rae1 {[%clk 0:00:41]} Qf3
{[%clk 0:00:56]} 37. Rxe4 {[%clk 0:00:45]} Qxe4 {[%clk 0:01:19]} 0-1

[Event "WYCC Girls U18"]
[Site "Porto Carras"]
[Date "2015.10.27"]
[Round "3.1"]
[White "Bellaiche, Elise"]
[Black "Velikic, Adela"]
[Result "1/2-1/2"]
[BlackElo "2363"]
[WhiteElo "2154"]
[LiveChessVersion "1.4.6"]

1. e4 {[%clk 1:30:58]} c6 {[%clk 1:30:54]} 2. d4 {[%clk 1:31:13]} d5
{[%clk 1:31:16]} 3. Nc3 {[%clk 1:31:24]} dxe4 {[%clk 1:31:38]} 4. Nxe4
{[%clk 1:31:46]} Nd7 {[%clk 1:31:59]} 5. Nf3 {[%clk 1:28:23]} Ngf6
{[%clk 1:32:11]} 6. Ng3 {[%clk 1:20:45]} e6 {[%clk 1:32:06]} 7. Bd3
{[%clk 1:19:05]} Be7 {[%clk 1:30:30]} 8. O-O {[%clk 1:15:43]} O-O
{[%clk 1:29:55]} 9. c3 {[%clk 1:13:32]} c5 {[%clk 1:29:35]} 10. Be3
{[%clk 1:08:28]} b6 {[%clk 1:27:24]} 11. Qe2 {[%clk 0:53:22]} Bb7
{[%clk 1:26:13]} 12. Rfd1 {[%clk 0:53:37]} Qc7 {[%clk 1:20:32]} 13. Bg5
{[%clk 0:48:52]} h6 {[%clk 1:10:43]} 14. Bxf6 {[%clk 0:47:35]} Nxf6
{[%clk 1:10:55]} 15. dxc5 {[%clk 0:44:23]} Bxc5 {[%clk 1:00:26]} 16. Ne4
{[%clk 0:40:45]} Ng4 {[%clk 0:45:36]} 17. h3 {[%clk 0:20:04]} Bxe4
{[%clk 0:32:23]} 18. hxg4 {[%clk 0:20:15]} Bxd3 {[%clk 0:29:34]} 19. Rxd3
{[%clk 0:20:13]} Qf4 {[%clk 0:26:45]} 20. b4 {[%clk 0:18:07]} Be7
{[%clk 0:26:28]} 21. Ne5 {[%clk 0:16:37]} Rac8 {[%clk 0:06:21]} 1/2-1/2

[Event "WYCC Girls U18"]
[Site "Porto Carras"]
[Date "2015.10.27"]
[Round "3.2"]
[White "Derakhshani, Dorsa"]
[Black "Lingur, Zalina"]
[Result "1-0"]
[BlackElo "2134"]
[WhiteElo "2356"]
[LiveChessVersion "1.4.6"]

1. e4 {[%clk 1:30:57]} c5 {[%clk 1:30:49]} 2. Nf3 {[%clk 1:31:23]} d6
{[%clk 1:31:03]} 3. d4 {[%clk 1:31:48]} cxd4 {[%clk 1:31:32]} 4. Nxd4
{[%clk 1:32:13]} Nf6 {[%clk 1:31:58]} 5. Nc3 {[%clk 1:32:39]} a6 {[%clk 1:32:25]}
6. Be2 {[%clk 1:33:05]} e5 {[%clk 1:32:28]} 7. Nb3 {[%clk 1:33:32]} Be7
{[%clk 1:32:38]} 8. O-O {[%clk 1:33:58]} O-O {[%clk 1:33:00]} 9. Be3
{[%clk 1:34:26]} Be6 {[%clk 1:31:35]} 10. Qd3 {[%clk 1:34:52]} b5
{[%clk 1:14:26]} 11. Nd5 {[%clk 1:28:45]} Nbd7 {[%clk 1:04:34]} 12. a4
{[%clk 1:19:36]} Bxd5 {[%clk 0:48:57]} 13. exd5 {[%clk 1:19:59]} b4
{[%clk 0:45:09]} 14. a5 {[%clk 1:18:25]} Nc5 {[%clk 0:43:25]} 15. Qc4
{[%clk 1:14:14]} Qb8 {[%clk 0:39:38]} 16. Bf3 {[%clk 0:47:42]} Nxb3
{[%clk 0:33:48]} 17. Qxb3 {[%clk 0:47:53]} Qb5 {[%clk 0:33:10]} 18. Ra4
{[%clk 0:44:51]} e4 {[%clk 0:18:52]} 19. Rxb4 {[%clk 0:42:15]} Qxa5
{[%clk 0:19:09]} 20. Bxe4 {[%clk 0:41:11]} Nxe4 {[%clk 0:19:21]} 21. Bb6
{[%clk 0:37:56]} Nc5 {[%clk 0:18:06]} 22. Qc4 {[%clk 0:36:20]} Qxb4
{[%clk 0:16:25]} 23. Qxb4 {[%clk 0:35:54]} Rfb8 {[%clk 0:12:40]} 24. Qa5
{[%clk 0:35:46]} Nd7 {[%clk 0:11:57]} 25. Bd4 {[%clk 0:35:52]} Bf6
{[%clk 0:10:59]} 26. Qd2 {[%clk 0:30:51]} a5 {[%clk 0:09:05]} 27. Ra1
{[%clk 0:29:45]} Bxd4 {[%clk 0:08:13]} 28. Qxd4 {[%clk 0:27:22]} Nc5
{[%clk 0:08:00]} 29. h3 {[%clk 0:23:43]} h6 {[%clk 0:06:36]} 30. b4
{[%clk 0:22:41]} axb4 {[%clk 0:06:22]} 31. Rxa8 {[%clk 0:23:05]} Rxa8
{[%clk 0:06:50]} 32. Qxb4 {[%clk 0:23:28]} Kh7 {[%clk 0:03:04]} 33. Qf4
{[%clk 0:23:18]} Rd8 {[%clk 0:01:47]} 34. Qxf7 {[%clk 0:23:37]} Rd7
{[%clk 0:01:29]} 35. Qf8 {[%clk 0:23:13]} h5 {[%clk 0:00:37]} 36. f4
{[%clk 0:22:02]} Kg6 {[%clk 0:00:36]} 37. g4 {[%clk 0:19:52]} hxg4
{[%clk 0:00:49]} 38. hxg4 {[%clk 0:20:20]} Kh7 {[%clk 0:00:56]} 39. Kg2
{[%clk 0:19:42]} g6 {[%clk 0:00:51]} 40. g5 {[%clk 0:49:55]} Nb7 {[%clk 0:30:41]}
41. Qh6+ {[%clk 0:50:04]} Kg8 {[%clk 0:31:10]} 42. Qxg6+ {[%clk 0:50:24]} Rg7
{[%clk 0:26:42]} 43. Qh6 {[%clk 0:49:06]} Rc7 {[%clk 0:23:26]} 44. Qg6+
{[%clk 0:47:25]} Rg7 {[%clk 0:22:19]} 45. Qe8+ {[%clk 0:47:34]} Kh7
{[%clk 0:22:46]} 46. Qh5+ {[%clk 0:47:38]} Kg8 {[%clk 0:23:12]} 47. f5
{[%clk 0:48:01]} Nc5 {[%clk 0:19:03]} 48. f6 {[%clk 0:47:39]} Rf7
{[%clk 0:18:05]} 49. Qg6+ {[%clk 0:47:36]} Kf8 {[%clk 0:18:13]} 50. Qf5
{[%clk 0:47:17]} Nd7 {[%clk 0:16:09]} 51. Qe6 {[%clk 0:46:55]} Rh7
{[%clk 0:09:32]} 52. g6 {[%clk 0:46:37]} 1-0

[Event "WYCC Girls U18"]
[Site "Porto Carras"]
[Date "2015.10.27"]
[Round "3.3"]
[White "Ivanova, Simoneta"]
[Black "Khomeriki, Nino"]
[Result "1-0"]
[BlackElo "2295"]
[WhiteElo "2121"]
[LiveChessVersion "1.4.6"]

1. d4 {[%clk 1:30:57]} Nf6 {[%clk 1:30:51]} 2. Nf3 {[%clk 1:31:06]} c5
{[%clk 1:29:15]} 3. d5 {[%clk 1:31:24]} g6 {[%clk 1:29:15]} 4. Nc3
{[%clk 1:31:40]} Bg7 {[%clk 1:29:39]} 5. e4 {[%clk 1:32:05]} O-O {[%clk 1:28:54]}
6. Be2 {[%clk 1:28:35]} b5 {[%clk 1:28:23]} 7. e5 {[%clk 1:22:34]} Ng4
{[%clk 1:28:47]} 8. Bf4 {[%clk 1:15:45]} b4 {[%clk 1:29:06]} 9. Ne4
{[%clk 1:15:29]} d6 {[%clk 1:29:31]} 10. exd6 {[%clk 1:05:22]} exd6
{[%clk 1:29:56]} 11. Nxd6 {[%clk 0:56:53]} Bxb2 {[%clk 1:21:40]} 12. Nxc8
{[%clk 0:49:16]} Bxa1 {[%clk 1:05:56]} 13. Qxa1 {[%clk 0:49:31]} Qxc8
{[%clk 1:06:21]} 14. h3 {[%clk 0:40:59]} Qf5 {[%clk 1:06:18]} 15. Bd2
{[%clk 0:21:33]} Qf6 {[%clk 1:03:20]} 16. Qc1 {[%clk 0:17:46]} Ne5
{[%clk 1:03:17]} 17. Ng5 {[%clk 0:15:52]} Re8 {[%clk 0:49:15]} 18. O-O
{[%clk 0:14:18]} Nbd7 {[%clk 0:48:43]} 19. Ne4 {[%clk 0:13:31]} Qb6
{[%clk 0:45:10]} 20. Re1 {[%clk 0:09:56]} Nf6 {[%clk 0:33:50]} 21. Nxf6+
{[%clk 0:09:18]} Qxf6 {[%clk 0:34:13]} 22. Bg5 {[%clk 0:08:35]} Qf5
{[%clk 0:30:51]} 23. Be3 {[%clk 0:08:27]} Rad8 {[%clk 0:19:20]} 24. Bxc5
{[%clk 0:07:23]} Rc8 {[%clk 0:17:17]} 25. Bxb4 {[%clk 0:05:42]} Rxc2
{[%clk 0:17:26]} 26. Qd1 {[%clk 0:05:25]} Rxa2 {[%clk 0:10:07]} 27. Bc5
{[%clk 0:04:09]} Qe4 {[%clk 0:08:18]} 28. Be3 {[%clk 0:02:18]} Qb4
{[%clk 0:06:51]} 29. Qc1 {[%clk 0:01:36]} a5 {[%clk 0:06:27]} 30. Bf1
{[%clk 0:01:00]} Qb3 {[%clk 0:02:16]} 31. Qc5 {[%clk 0:00:35]} Rd8
{[%clk 0:00:35]} 32. Bg5 {[%clk 0:00:41]} Qxd5 {[%clk 0:00:44]} 33. Rxe5
{[%clk 0:00:36]} Qxc5 {[%clk 0:00:55]} 34. Rxc5 {[%clk 0:01:04]} Rb8
{[%clk 0:00:43]} 35. Bf6 {[%clk 0:00:46]} a4 {[%clk 0:00:52]} 36. Bc4
{[%clk 0:01:07]} Rd2 {[%clk 0:00:36]} 37. Rc7 {[%clk 0:01:36]} Rf8
{[%clk 0:00:50]} 38. Be7 {[%clk 0:01:08]} Rd1+ {[%clk 0:00:59]} 39. Kh2
{[%clk 0:01:26]} Ra8 {[%clk 0:01:01]} 40. Ba3 {[%clk 0:31:21]} Rb1
{[%clk 0:30:42]} 41. Rxf7 {[%clk 0:27:52]} Kh8 {[%clk 0:29:58]} 42. Be7
{[%clk 0:26:07]} 1-0

[Event "WYCC Girls U18"]
[Site "Porto Carras"]
[Date "2015.10.27"]
[Round "3.4"]
[White "Amrayeva, Aytan"]
[Black "Varshini, V"]
[Result "0-1"]
[BlackElo "2105"]
[WhiteElo "2193"]
[LiveChessVersion "1.4.6"]

1. d4 {[%clk 1:30:54]} d5 {[%clk 1:30:53]} 2. Nf3 {[%clk 1:30:54]} Nf6
{[%clk 1:31:16]} 3. g3 {[%clk 1:31:21]} e6 {[%clk 1:31:37]} 4. Bg2
{[%clk 1:31:46]} Be7 {[%clk 1:32:03]} 5. O-O {[%clk 1:31:24]} O-O
{[%clk 1:32:28]} 6. b3 {[%clk 1:31:36]} c5 {[%clk 1:32:24]} 7. Bb2
{[%clk 1:31:49]} Nc6 {[%clk 1:31:39]} 8. Nbd2 {[%clk 1:31:24]} b6
{[%clk 1:26:09]} 9. c4 {[%clk 1:30:10]} Bb7 {[%clk 1:24:11]} 10. Re1
{[%clk 1:29:00]} Ne4 {[%clk 1:15:11]} 11. cxd5 {[%clk 1:27:03]} exd5
{[%clk 1:15:14]} 12. dxc5 {[%clk 1:18:21]} Bxc5 {[%clk 1:00:00]} 13. e3
{[%clk 1:16:22]} Qe7 {[%clk 0:52:58]} 14. a3 {[%clk 1:13:43]} a5 {[%clk 0:51:24]}
15. Nd4 {[%clk 1:10:35]} f5 {[%clk 0:45:12]} 16. N2f3 {[%clk 1:08:22]} Nxd4 17.
Nxd4 Qe5 {[%clk 0:38:32]} 18. Re2 {[%clk 1:06:59]} Qe7 {[%clk 0:35:13]} 19. Rc2
{[%clk 1:05:21]} g6 {[%clk 0:31:56]} 20. Rac1 {[%clk 1:02:04]} Rf7
{[%clk 0:23:49]} 21. Nb5 {[%clk 0:53:01]} Ba6 {[%clk 0:17:46]} 22. b4
{[%clk 0:48:22]} axb4 {[%clk 0:12:35]} 23. axb4 {[%clk 0:48:38]} Bxb5
{[%clk 0:11:15]} 24. bxc5 {[%clk 0:48:52]} bxc5 {[%clk 0:11:06]} 25. Qxd5
{[%clk 0:45:05]} Rd8 {[%clk 0:10:12]} 26. Qb3 {[%clk 0:39:30]} Bc6
{[%clk 0:07:19]} 27. Ba1 {[%clk 0:31:08]} h5 {[%clk 0:03:24]} 28. f3
{[%clk 0:25:26]} Ng5 {[%clk 0:01:11]} 29. Qc3 {[%clk 0:23:40]} Kh7
{[%clk 0:01:24]} 30. Kf2 {[%clk 0:23:21]} Qb7 {[%clk 0:00:46]} 31. Rd1
{[%clk 0:19:20]} Re8 {[%clk 0:00:37]} 32. Rcd2 {[%clk 0:19:05]} Bxf3
{[%clk 0:00:38]} 33. Rd8 {[%clk 0:17:26]} Ne4+ {[%clk 0:00:36]} 34. Kg1
{[%clk 0:17:54]} Rxd8 {[%clk 0:00:35]} 35. Rxd8 {[%clk 0:17:37]} Nxc3
{[%clk 0:00:44]} 36. Bxc3 {[%clk 0:18:03]} Rg7 {[%clk 0:00:45]} 37. Bxg7
{[%clk 0:17:38]} Qb1+ {[%clk 0:00:42]} 38. Kf2 {[%clk 0:18:01]} Bxg2
{[%clk 0:01:04]} 39. Kxg2 {[%clk 0:18:17]} Kxg7 {[%clk 0:01:30]} 0-1

[Event "WYCC Girls U18"]
[Site "Porto Carras"]
[Date "2015.10.27"]
[Round "3.5"]
[White "Gueci, Tea"]
[Black "Assaubayeva, Bibisara"]
[Result "1-0"]
[BlackElo "2183"]
[WhiteElo "2110"]
[LiveChessVersion "1.4.6"]

1. e4 {[%clk 1:30:57]} c5 {[%clk 1:30:44]} 2. Nf3 {[%clk 1:31:24]} d6
{[%clk 1:30:58]} 3. d4 {[%clk 1:31:50]} cxd4 {[%clk 1:31:07]} 4. Nxd4
{[%clk 1:32:15]} Nf6 {[%clk 1:31:25]} 5. Nc3 {[%clk 1:32:40]} g6 {[%clk 1:31:18]}
6. Be3 {[%clk 1:32:37]} Bg7 {[%clk 1:31:40]} 7. Bc4 {[%clk 1:32:53]} O-O
{[%clk 1:31:54]} 8. f3 {[%clk 1:33:05]} Nc6 {[%clk 1:32:12]} 9. Bb3
{[%clk 1:33:30]} Bd7 {[%clk 1:32:28]} 10. h4 {[%clk 1:33:56]} h5 {[%clk 1:32:41]}
11. Qd2 {[%clk 1:34:17]} Rc8 {[%clk 1:33:00]} 12. O-O-O {[%clk 1:34:35]} Ne5
{[%clk 1:32:54]} 13. Bh6 {[%clk 1:34:45]} Nc4 {[%clk 1:30:59]} 14. Bxc4
{[%clk 1:35:10]} Rxc4 {[%clk 1:31:20]} 15. Bxg7 {[%clk 1:35:30]} Kxg7
{[%clk 1:31:39]} 16. g4 {[%clk 1:34:55]} hxg4 {[%clk 1:30:40]} 17. h5
{[%clk 1:34:42]} Rh8 {[%clk 1:29:56]} 18. hxg6 {[%clk 1:35:01]} fxg6
{[%clk 1:30:09]} 19. f4 {[%clk 1:34:57]} e5 {[%clk 1:29:27]} 20. fxe5
{[%clk 1:30:07]} dxe5 {[%clk 1:29:49]} 21. Nb3 {[%clk 1:04:48]} Rh3
{[%clk 1:25:21]} 22. Qg5 {[%clk 0:56:33]} Qe8 {[%clk 1:18:30]} 23. Rhf1
{[%clk 0:47:17]} Rf3 {[%clk 1:08:28]} 24. Rh1 {[%clk 0:45:50]} Rh3
{[%clk 1:02:52]} 25. Rhf1 {[%clk 0:45:00]} Rf3 {[%clk 0:57:55]} 26. Rh1
{[%clk 0:25:30]} Rcxc3 {[%clk 0:52:48]} 27. bxc3 {[%clk 0:24:25]} Qe7
{[%clk 0:49:36]} 28. Kb2 {[%clk 0:16:33]} Bc6 {[%clk 0:46:44]} 29. Nd2
{[%clk 0:12:24]} Rxc3 {[%clk 0:46:15]} 30. Qh6+ {[%clk 0:12:14]} Kf7
{[%clk 0:46:23]} 31. Qh7+ Nxh7 {[%clk 0:46:39]} 32. Rxh7+ {[%clk 0:11:53]} Kf6
{[%clk 0:46:54]} 33. Rxe7 {[%clk 0:11:45]} Rh3 {[%clk 0:47:12]} 34. Rc7
{[%clk 0:11:24]} g3 {[%clk 0:45:32]} 35. Rf1+ {[%clk 0:08:48]} Ke6
{[%clk 0:44:50]} 36. Rcf7 {[%clk 0:08:24]} Kd6 {[%clk 0:44:31]} 37. R1f6+
{[%clk 0:08:00]} Kc5 {[%clk 0:44:59]} 38. Rxg6 {[%clk 0:07:23]} 1-0